Nairobi 2012: experiencia de comunión y envío. Lectura de la 70 Congregación de Procuradores de la Compañía de Jesús (Record no. 703604)
[ view plain ]
| 000 -CABECERA | |
|---|---|
| Campo de control de longitud fija | 00553nab a2200145Ia 4500 |
| 003 - IDENTIFICADOR DEL NÚMERO DE CONTROL | |
| Campo de control | ES-SlBCS |
| 005 - FECHA Y HORA DE LA ÚLTIMA TRANSACCIÓN | |
| Campo de control | 20220203142250.0 |
| 008 - CÓDIGOS DE INFORMACIÓN DE LONGITUD FIJA | |
| Campo de control de longitud fija | 140529s2012 xxu||||| |||| 00| 0 spa d |
| 041 ## - CÓDIGO DE LENGUA | |
| Código de lengua del texto/banda sonora o título independiente | spa |
| 100 1# - PUNTO DE ACCESO PRINCIPAL-NOMBRE DE PERSONA | |
| Nombre de persona | Álvarez de los Mozos, Patxi |
| 9 (RLIN) | 70697 |
| 245 00 - MENCIÓN DE TÍTULO | |
| Título | Nairobi 2012: experiencia de comunión y envío. Lectura de la 70 Congregación de Procuradores de la Compañía de Jesús |
| Mención de responsabilidad, etc. | Francisco Javier Álvarez De Los Mozos |
| 610 24 - PUNTO DE ACCESO ADICIONAL DE MATERIA-NOMBRE DE ENTIDAD CORPORATIVA | |
| Nombre de entidad corporativa o nombre de jurisdicción como elemento inicial | Compañía de Jesús |
| 9 (RLIN) | 86822 |
| 773 0# - ENLACE AL DOCUMENTO FUENTE | |
| Título | Razon y Fe |
| Parte(s) relacionada(s) | vol. 266, nº. 1368, 2012, págs. 281-292 |
| Número de control del registro relacionado | Rev337 |
| 942 ## - ENTRADA DE ELEMENTOS AGREGADOS (KOHA) | |
| Koha [por defecto] tipo de item | Artículos de revista |
| Suprimido | Perdido | Estropeado | No para préstamo | Localización permanente | Localización actual | Localización en estantería | Fecha adquisición | Préstamos totales | Fecha última consulta | Fecha del precio de reemplazo | Tipo de item de Koha |
|---|---|---|---|---|---|---|---|---|---|---|---|
| San Esteban | San Esteban | Depósito de revistas | 11/07/2014 | 11/07/2014 | 11/07/2014 | Artículos de revista |
